| 000 | 00943nam a22002777a 4500 | ||
|---|---|---|---|
| 999 |
_c39710 _d39710 |
||
| 005 | 20181023132732.0 | ||
| 010 | _aENG-98559 B-710628 | ||
| 020 |
_a9780070704817 _c450.00 |
||
| 020 | _a0070704813 | ||
| 035 | _aEN-82092 | ||
| 035 | _aB-424651-655 | ||
| 035 | _aB-710628 | ||
| 037 | _bDBAD/PUB | ||
| 037 | _bBlueberry Books | ||
| 037 | _bTata Mc Graw Hill | ||
| 082 | _a000 | ||
| 100 | _aSharma, Arun | ||
| 245 |
_aHow to prepare for data interpretation & logical reasoning for CAT / _cby Arun Sharma |
||
| 250 | _a5th ed. | ||
| 260 |
_aNew Delhi _bTata McGraw Hill _c2011 |
||
| 270 |
_a7 West Patel Nagar _bNew Delhi _e110008 |
||
| 300 |
_avarious pagings _c27cm(pbk) |
||
| 942 |
_2ddc _cEN _h000 _mSHA |
||